Tham khảo toàn diện Windows server 2008 T.1

Gespeichert in:
Bibliographische Detailangaben
1. Verfasser: Dương, Minh Quý
Format: Buch
Veröffentlicht: Đồng Nai Đồng Nai 2008
Schlagworte:
Tags: Tag hinzufügen
Keine Tags, Fügen Sie den ersten Tag hinzu!
Thư viện lưu trữ: Trung tâm Học liệu Lê Vũ Hùng, Trường Đại học Đồng Tháp
LEADER 00816pam a22003018a 4500
001 00037362
005 20171026081025.0
008 170512s2008 ||||||Viesd
041 0 # |a Vie 
082 1 4 |a 005.4  |b TH104KH 
100 1 # |a Dương, Minh Quý 
245 1 0 |a Tham khảo toàn diện Windows server 2008  |c Dương Minh Quý  |n T.1 
260 # # |c 2008  |a Đồng Nai  |b Đồng Nai 
300 # # |a 253tr.  |c 27cm. 
653 # # |a Windows 
653 # # |a toàn diện 
653 # # |a tham khảo 
852 # # |b Kho mượn  |j KM.0022337 
852 # # |j KD.0021328  |j KM.0022337 
852 # # |b Kho đọc  |j KD.0021328 
910 |d 12/05/2017 
980 # # |a Trung tâm Học liệu Lê Vũ Hùng, Trường Đại học Đồng Tháp